Statistiques concernant Tracklist Album - Laylow / L'étrange Histoire de Mr. Anderson

Cliquez ici pour prendre le quiz!

Statistiques générales

  • Ce quiz a été pris 188 fois
  • Le résultat moyen est 10 sur 20

Statistiques - réponses

FeatTrack% Correct
Nekfeu & Fousheé
SPÉCIAL
92%
Damso
R9R-LINE
84%
UNE HISTOIRE ÉTRANGE
79%
IVERSON
76%
HELP !!!
63%
UN RÊVE ÉTRANGE
63%
WINDOW SHOPPER PART. 1
63%
Hamza
WINDOW SHOPPER PART. 2
63%
Alpha Wann & Wit.STUNTMEN
61%
VOIR LE MONDE BRÛLER
59%
slowthai
FALLEN ANGELS
56%
LOST FOREST
55%
QUE LA PLUIE
54%
+ De Pluie...
38%
Bonsoir Mon Vieil Ami
29%
NightShop BlaBla
24%
Tu Veux Déjà Me Dire Aurevoir ?
20%
Tu Comprends Maintenant ?
18%
Ça Va Pas Être Possible...
16%
C'est Eux Contre Nous
15%

Distribution des résultats

Percentile par nombre de réponses

% des personnes avec chaque résultat

Votre développement - résultats

Vous n’avez pas pris ce quiz